Statistics for The Pre-1950's Fad Quiz

Click here to take the quiz!

General Stats

  • This quiz has been taken 594 times
  • The average score is 12 of 22

Answer Stats

HintAnswer% Correct
Real-estate-based board gameMonopoly
93%
Flapper character who says "Boop oop a doop"Betty Boop
84%
Popular magician and escape artistHarry Houdini
83%
Clues might be for 23 across, or 17 down....Crossword puzzles
78%
America's favorite pastimeBaseball
74%
Classic hat worn by Bogart or CaponeFedoras
71%
Girls with short hair & skirts in t/20sFlappers
71%
Chinese matching tile gameMah-jongg
70%
Black ball with all the answersMagic 8-Ball
67%
Prohibition-era saloonsSpeakeasies
62%
The cheaper replacement for buttonsZippers
59%
Dance craze named after a cityCharleston
57%
All you need is a putter, a ball, and a scorecardMiniature golf
47%
Oversized outfit for a 20's/30's fashion plateZoot suits
43%
Often referred to as "philately"Stamp collecting
34%
Cutting a rug---for days on end...Dance marathons
33%
Ingesting gilded sushi?Swallowing goldfish
32%
"Miss America" made these popularBeauty pageants
28%
Fibber McGee, Inner Sanctum, etc.Radio dramas
25%
He wasn't really here, but you saw this everywhereKilroy was here!
24%
1920's animal coat for "Joe College"Raccoon coats
21%
High-altitude display of enduranceFlagpole sitting
14%

Score Distribution

Percentile by Number Answered

Percent of People with Each Score

Your Score History

You have not taken this quiz